Copulas και πολλαπλά απαυξήματα για βασικές αιτίες θανάτων : πτυχιακή εργασία

Τις τελευταίες δεκαετίες, οι συζεύξεις (copulas) έχουν αναγνωριστεί ως ένα πολύ σημαντικό εργαλείο στα Αναλογιστικά - Χρηματοοικονομικά και στη Βιοστατιστική. Όλο και περισσότεροι επιστήμονες σε διαφορετικούς επιστημονικούς κλάδους ασχολούνται με τα Copulas καθώς είναι πολλές οι περιπτώσεις στις οπο...

Πλήρης περιγραφή

Αποθηκεύτηκε σε:
Λεπτομέρειες βιβλιογραφικής εγγραφής
Κύριος συγγραφέας: Λυμπεροπούλου, Διονυσία-Μαρία Ι.
Συγγραφή απο Οργανισμό/Αρχή: Πανεπιστήμιο Αιγαίου. Σχολή Θετικών Επιστημών. Τμήμα Στατιστικής και Αναλογιστικών-Χρηματοοικονομικών Μαθηματικών
Μορφή: Thesis Βιβλίο
Γλώσσα:Greek
Δημοσίευση: 2017.
Θέματα:
Διαθέσιμο Online:http://hdl.handle.net/11610/19626
Ετικέτες: Προσθήκη ετικέτας
Δεν υπάρχουν, Καταχωρήστε ετικέτα πρώτοι!

MARC

LEADER 00000cam a2200000 a 4500
001 1/114774
008 170831s2017####gr | ||| |||| ||gre||
040 |a GR-MyUa  |b gre  |c GR-MyUa  |e AACR2 
041 0 |a gre 
082 7 |a 519.535   |2 (23)  
100 1 |a Λυμπεροπούλου, Διονυσία-Μαρία Ι. 
245 1 0 |a Copulas και πολλαπλά απαυξήματα για βασικές αιτίες θανάτων :   |b πτυχιακή εργασία /   |c Διονυσία Μαρία Ι. Λυμπεροπούλου ; επιβλέπων καθηγητής Π. Χατζόπουλος.  
260 |c 2017.  
300 |a 91 σ. :   |b εικ., πιν., διάγρ. ;   |c 30 εκ.  
500 |a Μέλη της εξεταστικής επιτροπής: Χατζόπουλος Π., Ζήμερας Σ., Τσιμήκας Ι.  
502 |a Πτυχιακή εργασία - Πανεπιστήμιο Αιγαίου, Σάμος, 2017.  
504 |a Βιβλιογραφία: σ. 91.  
506 0 |a Διάθεση πλήρους κειμένου - Ελεύθερη πρόσβαση.  
520 8 |a Τις τελευταίες δεκαετίες, οι συζεύξεις (copulas) έχουν αναγνωριστεί ως ένα πολύ σημαντικό εργαλείο στα Αναλογιστικά - Χρηματοοικονομικά και στη Βιοστατιστική. Όλο και περισσότεροι επιστήμονες σε διαφορετικούς επιστημονικούς κλάδους ασχολούνται με τα Copulas καθώς είναι πολλές οι περιπτώσεις στις οποίες τα δεδομένα που μελετώνται παρουσιάζουν συσχέτιση. Η έννοια των Copulas εισήχθη πρώτη φορά το 1959 από τον A. Sklar. Μια σύζευξη (Copula) είναι μια συνάρτηση που συνδέει μια πολυδιάστατη συνάρτηση κατανομής με τις περιθώριες μονοδιάστατες συναρτήσεις κατανομών της. Σε αυτή την εργασία θα παρουσιάσουμε τους γενικούς ορισμούς των πολυδιάστατων και δισδιάστατων copulas και τις ιδιότητές τους. Θα συζητήσουμε για τις σημαντικότερες οικογένειες των δισδιάστατων συζεύξεων, όπως είναι οι ελλειπτικές και οι Αρχιμήδειες συζεύξεις και κάποιες εφαρμογές τους. Επιπλέον, θα δούμε κάποια καθεστώτα πολλαπλών απαυξημάτων, όπου υπάρχουν πολλές καταστάσεις που μπορεί να μεταβεί κανείς και όλες είναι απορροφητικές. Τέλος, περιγράφουμε τις δυο βασικότερες αιτίες θανάτου, τα κακοήθη νεοπλάσματα και την ισχαιμική καρδιοπάθεια. Μέσα από τα μοντέλα Copulas βρίσκουμε την από κοινού συνάρτηση επιβίωσης και τη συσχέτιση της συνάρτησης επιβίωσης από κακοήθη νεοπλάσματα με τη συνάρτηση επιβίωσης από όλες τις άλλες αιτίες. Προσομοιώνουμε δεδομένα για να τα εφαρμόσουμε σε συγκεκριμένο Copulas.  
540 |a Κλειδωμένη η δυνατότητα αντιγραφής (copy) του κειμένου.  
650 0 |a Dissertations, Academic  |z Greece. 
650 0 |a Copulas (Mathematical statistics) 
650 0 |a Death  |x Causes  |x Statistics. 
700 1 |a Χατζόπουλος, Πέτρος Φ.  |e dgs 
710 2 |a Πανεπιστήμιο Αιγαίου.   |b Σχολή Θετικών Επιστημών.   |b Τμήμα Στατιστικής και Αναλογιστικών-Χρηματοοικονομικών Μαθηματικών. 
852 |a INST  |b SAMOS  |c DIATR  |e 20170831  |h 519.535 ΛΥΜ  |p 005300044740  |q 005300044740  |t DIE  |y 23 
856 |u http://hdl.handle.net/11610/19626 
924 |a Λυμπεροπούλου  |b Διονυσία  |y Σάμος  |z 2017-06 
970 |a Κοσιέρης  |b Χρήστος  |z 31-08-2017